000 00624nam a2200229Ia 4500
008 101110s9999 xx 000 0 und d
041 _aENGLISH
082 _bSR32096
100 _aChopde L.N., Choudhari D.H. & etc.
245 _aFinancial accounting Vol. II TYBCom
260 _c2009
_bSheth Publisher,Mumbai
300 _a559
365 _b145
520 _aCommerce
520 _aFree with finanicial accounting Vol.I
546 _aENGLISH
630 _aFinancial accounting Vol. II TYBCom
650 _aCommerce
655 _aCommerce
730 _aFinancial accounting Vol. II TYBCom
942 _cBOOK
999 _c824598
_d824595